000 00765nam a2200181Ia 4500
008 100921s9999 xx 000 0 und d
082 _b41012
_a550 न 05
100 _aसरदेसाई गो.बा.
245 _aपर्यावरणातील वनस्पती.
260 _bमहाजन प्रकाशन,पुणे.
_c2005
300 _a80
_bजयेश एजन्सी,पुणे.
365 _b70
520 _aविज्ञान-भौमिक शास्त्रे.
630 _aपर्यावरणातील वनस्पती.
650 _aविज्ञान-भौमिक शास्त्रे.
730 _aपर्यावरणातील वनस्पती.
942 _cBOOK
999 _c790125
_d790122